header

Plots of war (Record no. 47810)

MARC details
000 -LEADER
fixed length control field 01264nam a2200325Ia 4500
245 00 - TITLE STATEMENT
Title Plots of war
260 ## - PUBLICATION, DISTRIBUTION, ETC. (IMPRINT)
Place of publication Berlin ;
-- Boston :
Name of publisher De Gruyter,
Year of publication 2012.
300 ## - PHYSICAL DESCRIPTION
Number of Pages vi, 219 p.
490 0# - SERIES STATEMENT
Series statement Culture & conflict ;
650 #0 - SUBJECT ADDED ENTRY--TOPICAL TERM
Topical Term War and literature.
Topical Term Narration (Rhetoric)
Topical Term Collective memory and literature.
700 1# - ADDED ENTRY--PERSONAL NAME
Personal name Gil, Isabel Capeloa.
Personal name Martins, Adriana Alves de Paula,
856 40 - ELECTRONIC LOCATION AND ACCESS
Uniform Resource Identifier http://site.ebrary.com/lib/rucke/Doc?id=10634445

No items available.

© 2026 Rongo University
Contact us: librarian | system librarian | Rongo university